Pokémon di tipo Volante - Statistics

Statistiche generali
  • Questo quiz è stato fatto 12 volte
  • Il punteggio medio è 106 su 137
Statistiche sulle risposte
Numero Pokédex Nazionale Tipo Tipo Pokémon % Corretto
142 Roccia Volante Aerodactyl
100%
144 Ghiaccio Volante Articuno
100%
144 Psico Volante Articuno (Forma di Galar)
100%
12 Coleottero Volante Butterfree
100%
12 Coleottero Volante Butterfree Gigamax
100%
6 Fuoco Volante Charizard
100%
6 Fuoco Volante Charizard Gigamax
100%
149 Drago Volante Dragonite
100%
22 Normale Volante Fearow
100%
207 Terra Volante Gligar
100%
472 Terra Volante Gliscor
100%
130 Acqua Volante Gyarados
100%
250 Fuoco Volante Ho-Oh
100%
163 Normale Volante Hoothoot
100%
187 Erba Volante Hoppip
100%
189 Erba Volante Jumpluff
100%
166 Coleottero Volante Ledian
100%
165 Coleottero Volante Ledyba
100%
249 Psico Volante Lugia
100%
142 Roccia Volante MegaAerodactyl
100%
18 Normale Volante MegaPidgeot
100%
127 Coleottero Volante MegaPinsir
100%
373 Drago Volante MegaSalamence
100%
146 Fuoco Volante Moltres
100%
146 Buio Volante Moltres (Forma di Galar)
100%
198 Buio Volante Murkrow
100%
177 Psico Volante Natu
100%
164 Normale Volante Noctowl
100%
18 Normale Volante Pidgeot
100%
17 Normale Volante Pidgeotto
100%
16 Normale Volante Pidgey
100%
373 Drago Volante Salamence
100%
227 Acciaio Volante Skarmory
100%
188 Erba Volante Skiploom
100%
21 Normale Volante Spearow
100%
178 Psico Volante Xatu
100%
145 Elettro Volante Zapdos
100%
145 Lotta Volante Zapdos (Forma di Galar)
100%
334 Drago Volante Altaria
89%
493 Volante Volante Arceus (Volante)
89%
628 Normale Volante Braviary
89%
628 Psico Volante Braviary (Forma di Hisui)
89%
169 Veleno Volante Crobat
89%
426 Spettro Volante Drifblim
89%
425 Spettro Volante Drifloon
89%
83 Normale Volante Farfetch'd
89%
42 Veleno Volante Golbat
89%
430 Buio Volante Honchkrow
89%
226 Acqua Volante Mantine
89%
384 Drago Volante MegaRayquaza
89%
279 Acqua Volante Pelipper
89%
384 Drago Volante Rayquaza
89%
479 Elettro Volante Rotom (Rotom Vortice)
89%
627 Normale Volante Rufflet
89%
492 Erba Volante Shaymin (Forma Cielo)
89%
277 Normale Volante Swellow
89%
276 Normale Volante Taillow
89%
663 Fuoco Volante Talonflame
89%
642 Elettro Volante Thundurus (Forma Incarnazione)
89%
642 Elettro Volante Thundurus (Forma Totem)
89%
468 Folletto Volante Togekiss
89%
642 Volante Volante Tornadus (Forma Incarnazione)
89%
642 Volante Volante Tornadus (Forma Totem)
89%
357 Erba Volante Tropius
89%
629 Buio Volante Vullaby
89%
278 Acqua Volante Wingull
89%
193 Coleottero Volante Yanma
89%
469 Coleottero Volante Yanmega
89%
41 Veleno Volante Zubat
89%
566 Roccia Volante Archen
78%
567 Roccia Volante Archeops
78%
267 Coleottero Volante Beautifly
78%
415 Coleottero Volante Combee
78%
225 Ghiaccio Volante Delibird
78%
580 Acqua Volante Ducklett
78%
645 Terra Volante Landorus (Forma Incarnazione)
78%
645 Terra Volante Landorus (Forma Totem)
78%
630 Buio Volante Mandibuzz
78%
458 Acqua Volante Mantyke
78%
284 Coleottero Volante Masquerain
78%
414 Coleottero Volante Mothim
78%
519 Normale Volante Pidove
78%
123 Coleottero Volante Scyther
78%
398 Normale Volante Staraptor
78%
397 Normale Volante Staravia
78%
396 Normale Volante Starly
78%
333 Normale Volante Swablu
78%
581 Acqua Volante Swanna
78%
176 Folletto Volante Togetic
78%
520 Normale Volante Tranquill
78%
521 Normale Volante Unfezant
78%
416 Coleottero Volante Vespiquen
78%
85 Normale Volante Dodrio
67%
84 Normale Volante Doduo
67%
587 Elettro Volante Emolga
67%
662 Fuoco Volante Fletchinder
67%
661 Normale Volante Fletchling
67%
714 Volante Drago Noibat
67%
561 Psico Volante Sigilyph
67%
441 Normale Volante Chatot
56%
701 Lotta Volante Hawlucha
56%
6 Fuoco Volante MegaCharizard Y
56%
715 Volante Drago Noivern
56%
741 Spettro Volante Oricorio (Stile Buyō)
56%
741 Elettro Volante Oricorio (Stile Cheerdance)
56%
741 Fuoco Volante Oricorio (Stile Flamenco)
56%
741 Psico Volante Oricorio (Stile Hula)
56%
731 Normale Volante Pikipek
56%
821 Volante Volante Rookidee
56%
528 Psico Volante Swoobat
56%
666 Coleottero Volante Vivillon
56%
527 Psico Volante Woobat
56%
717 Buio Volante Yveltal
56%
993 Buio Volante Colloferreo
44%
823 Volante Acciaio Corviknight
44%
823 Volante Acciaio Corviknight Gigamax
44%
822 Volante Volante Corvisquire
44%
845 Volante Acqua Cramorant
44%
723 Erba Volante Dartrix
44%
973 Volante Lotta Flamigo
44%
941 Elettro Volante Kilowattrel
44%
291 Coleottero Volante Ninjask
44%
722 Erba Volante Rowlet
44%
773 Volante Volante Silvally (Tipo Volante)
44%
931 Normale Volante Squawkabilly (Piume Azzurre)
44%
931 Normale Volante Squawkabilly (Piume Bianche)
44%
931 Normale Volante Squawkabilly (Piume Gialle)
44%
931 Normale Volante Squawkabilly (Piume Verdi)
44%
733 Normale Volante Toucannon
44%
732 Normale Volante Trumbeak
44%
940 Elettro Volante Wattrel
44%
962 Volante Buio Bombirdier
33%
797 Acciaio Volante Celesteela
33%
905 Folletto Volante Enamorus (Forma Incarnazione)
33%
905 Folletto Volante Enamorus (Forma Totem)
33%
774 Roccia Volante Minior (Forma Meteora)
33%
774 Roccia Volante Minior (Forma Nucleo)
33%
Nessun quiz corrispondente trovato
Distribuzione punteggi
Percentuale di utenti per punteggio
Percentile per numero di risposta
I tuoi punteggi nel tempo
Non hai fatto questo quiz